<?xml version="1.0" encoding="UTF-8"?>
<collection xmlns="http://www.loc.gov/MARC21/slim">
 <record>
  <leader>01198cas a2200385   4500</leader>
  <controlfield tag="001">182229203</controlfield>
  <controlfield tag="003">DE-627</controlfield>
  <controlfield tag="005">20220907003504.0</controlfield>
  <controlfield tag="007">tu</controlfield>
  <controlfield tag="008">950318d19461950au z| m|      0   |0ger c</controlfield>
  <datafield tag="016" ind1="7" ind2=" ">
   <subfield code="a">01715748X</subfield>
   <subfield code="2">DE-101</subfield>
  </datafield>
  <datafield tag="016" ind1="7" ind2=" ">
   <subfield code="a">1188416-2</subfield>
   <subfield code="2">DE-600</subfield>
  </datafield>
  <datafield tag="035" ind1=" " ind2=" ">
   <subfield code="a">(DE-627)182229203</subfield>
  </datafield>
  <datafield tag="035" ind1=" " ind2=" ">
   <subfield code="a">(DE-576)001669494</subfield>
  </datafield>
  <datafield tag="035" ind1=" " ind2=" ">
   <subfield code="a">(DE-599)ZDB1188416-2</subfield>
  </datafield>
  <datafield tag="035" ind1=" " ind2=" ">
   <subfield code="a">(OCoLC)72941025</subfield>
  </datafield>
  <datafield tag="035" ind1=" " ind2=" ">
   <subfield code="a">(OCoLC)72941025</subfield>
  </datafield>
  <datafield tag="035" ind1=" " ind2=" ">
   <subfield code="a">(OCoLC)605288903</subfield>
  </datafield>
  <datafield tag="040" ind1=" " ind2=" ">
   <subfield code="a">DE-627</subfield>
   <subfield code="b">ger</subfield>
   <subfield code="c">DE-627</subfield>
   <subfield code="e">rakwb</subfield>
  </datafield>
  <datafield tag="041" ind1=" " ind2=" ">
   <subfield code="a">ger</subfield>
  </datafield>
  <datafield tag="044" ind1=" " ind2=" ">
   <subfield code="c">XA-AT</subfield>
  </datafield>
  <datafield tag="082" ind1="0" ind2="4">
   <subfield code="a">700</subfield>
   <subfield code="q">DE-600</subfield>
  </datafield>
  <datafield tag="245" ind1="1" ind2="0">
   <subfield code="a">Kunstdenkmäler</subfield>
  </datafield>
  <datafield tag="264" ind1="3" ind2="1">
   <subfield code="a">Wien</subfield>
   <subfield code="b">Deuticke</subfield>
   <subfield code="c">1946-1950</subfield>
  </datafield>
  <datafield tag="336" ind1=" " ind2=" ">
   <subfield code="a">Text</subfield>
   <subfield code="b">txt</subfield>
   <subfield code="2">rdacontent</subfield>
  </datafield>
  <datafield tag="337" ind1=" " ind2=" ">
   <subfield code="a">ohne Hilfsmittel zu benutzen</subfield>
   <subfield code="b">n</subfield>
   <subfield code="2">rdamedia</subfield>
  </datafield>
  <datafield tag="338" ind1=" " ind2=" ">
   <subfield code="a">Band</subfield>
   <subfield code="b">nc</subfield>
   <subfield code="2">rdacarrier</subfield>
  </datafield>
  <datafield tag="362" ind1="0" ind2=" ">
   <subfield code="a">1.1946 - 8.1950[?]</subfield>
  </datafield>
  <datafield tag="363" ind1="0" ind2="0">
   <subfield code="a">1</subfield>
   <subfield code="i">1946</subfield>
  </datafield>
  <datafield tag="363" ind1="1" ind2="0">
   <subfield code="a">8</subfield>
   <subfield code="i">1950</subfield>
  </datafield>
  <datafield tag="655" ind1=" " ind2="7">
   <subfield code="a">Monografische Reihe</subfield>
   <subfield code="0">(DE-588)4179998-7</subfield>
   <subfield code="0">(DE-627)104628669</subfield>
   <subfield code="0">(DE-576)209995106</subfield>
   <subfield code="2">gnd-content</subfield>
  </datafield>
  <datafield tag="787" ind1="0" ind2="8">
   <subfield code="i">Rezensiert in</subfield>
   <subfield code="a">Hanfstaengl, Erika, 1912 - 2003</subfield>
   <subfield code="t">[Rezension von: Ernst Garger (Hrsg.), Kunstdenkmäler, Heft 1-6]</subfield>
   <subfield code="d">1949</subfield>
   <subfield code="w">(DE-627)1672401631</subfield>
  </datafield>
  <datafield tag="951" ind1=" " ind2=" ">
   <subfield code="a">ST</subfield>
  </datafield>
  <datafield tag="991" ind1=" " ind2=" ">
   <subfield code="a">Rezensiertes Werk</subfield>
  </datafield>
  <datafield tag="999" ind1=" " ind2=" ">
   <subfield code="a">KXP-PPN182229203</subfield>
   <subfield code="e">4039780183</subfield>
  </datafield>
 </record>
</collection>
